| 000 | 00464nam a2200157 i 4500 | ||
|---|---|---|---|
| 001 | 97124 | ||
| 003 | ES-MaACL | ||
| 005 | 20230906182039.0 | ||
| 007 | t| | ||
| 008 | 050707s1957 sp ||||1| spa d | ||
| 100 | 1 |
_aManzanares, Luis. _976200 |
|
| 245 | 1 | 0 |
_aTorre-Pacheco _b: historia de pequeñas historias... / _cLuis Manzanares. |
| 260 |
_aMadrid : _b[s.n.], _c1957 ( _fImp. Sèz) |
||
| 300 |
_a240 p. : _bil. ; _c17 cm. |
||
| 852 |
_aES-MaACL _jC-15208 _bR.42525 |
||
| 999 |
_c97124 _d97124 |
||